[Event "22nd ch-EUR Indiv 2022"]
[Site "Terme Catez SLO"]
[Date "2022.03.31"]
[Round "5.116"]
[White "Roebers, Eline"]
[Black "Lavrencic, Matic"]
[Result "1-0"]
[WhiteElo "2331"]
[BlackElo "2159"]
[WhiteFideId "1058401"]
[BlackFideId "14637847"]
[EventDate "2022.03.27"]

1. e4 c5 2. Nf3 d6 3. d4 cxd4 4. Nxd4 Nf6 5. Nc3 a6 6. Be3 e5 7. Nf3 Be7 8. Nd2
b5 9. a4 b4 10. Nd5 Nxd5 11. exd5 O-O 12. a5 f5 13. f3 Nd7 14. Nc4 f4 15. Bf2 e4
16. fxe4 Nf6 17. Bd3 Ng4 18. O-O Nxf2 19. Rxf2 Bh4 20. Rf1 g6 21. Qd2 Bf6 22.
Rxf4 Bd4+ 23. Kh1 Bc5 24. Raf1 Rxf4 25. Qxf4 Qe7 26. e5 dxe5 27. Nxe5 Bd6 28.
Qf7+ Qxf7 29. Nxf7 Bc7 30. Nh6+ 1-0

[Event "22nd ch-EUR Indiv 2022"]
[Site "Terme Catez SLO"]
[Date "2022.03.31"]
[Round "5.117"]
[White "Dordzhieva, Dinara"]
[Black "Gramb, Marius"]
[Result "1/2-1/2"]
[WhiteTitle "WGM"]
[WhiteElo "2325"]
[BlackElo "2107"]
[WhiteFideId "24157570"]
[BlackFideId "24656593"]
[EventDate "2022.03.27"]

1. d4 Nf6 2. Nf3 e6 3. c4 d5 4. g3 Bb4+ 5. Bd2 Be7 6. Bg2 c6 7. Qc2 Nbd7 8. O-O
O-O 9. Bf4 b6 10. cxd5 cxd5 11. Rc1 Ba6 12. Nc3 b5 13. a4 b4 14. Nb5 Qb6 15. Qc6
Rac8 16. Bc7 Qxc6 17. Rxc6 Bb7 18. Rcc1 Ne8 19. Bf4 a6 20. Na7 Rxc1+ 21. Rxc1 f6
22. Nc6 Kf7 23. a5 Nd6 24. Nxe7 Kxe7 25. Bd2 b3 26. Bb4 Rc8 27. Rxc8 Bxc8 28.
Nd2 Nb8 29. Nxb3 Nc6 30. Bxd6+ Kxd6 31. e3 e5 32. Bf1 exd4 33. exd4 h6 34. f4 g5
35. Kf2 Kc7 36. Ke3 Kd6 37. Bd3 Nb4 38. Nc5 Kc6 39. Bf1 Kd6 40. Be2 Ke7 41. Kd2
Nc6 42. Kc3 Nxa5 43. Bxa6 Bxa6 44. Nxa6 Nc4 45. b4 Ne3 46. b5 Kd6 47. Nb4 Nf1
48. b6 Nxh2 49. Nxd5 Kc6 50. Nxf6 gxf4 51. gxf4 Kxb6 52. Kd3 Nf1 53. Nh5 Nh2 54.
Nf6 Nf1 55. Ke4 Kc6 56. Ke5 Kc7 57. Ke6 Ng3 58. d5 h5 59. d6+ Kd8 60. Nd5 Ne4
61. Ne7 Nc5+ 62. Kd5 Nd3 63. f5 h4 64. f6 Ke8 65. Nf5 h3 66. Kd4 h2 67. Ng3 Nf4
68. Ke5 Nd3+ 69. Kf5 Nc5 70. Kg6 Kd7 71. f7 Ne6 72. Kf6 1/2-1/2

[Event "22nd ch-EUR Indiv 2022"]
[Site "Terme Catez SLO"]
[Date "2022.03.31"]
[Round "5.118"]
[White "Olenik Campa, Rudi"]
[Black "Kanyamarala, Tarun"]
[Result "0-1"]
[WhiteTitle "CM"]
[BlackTitle "FM"]
[WhiteElo "2112"]
[BlackElo "2325"]
[WhiteFideId "14633264"]
[BlackFideId "45004714"]
[EventDate "2022.03.27"]

1. e4 c5 2. Nf3 Nc6 3. Bb5 e5 4. O-O Bd6 5. c3 a6 6. Ba4 b5 7. Bc2 Nge7 8. a4 b4
9. d3 O-O 10. Nbd2 Bc7 11. d4 bxc3 12. bxc3 Ba5 13. Bb2 Rb8 14. Nb3 c4 15. Nxa5
Qxa5 16. Qc1 exd4 17. cxd4 d5 18. exd5 Qxd5 19. Re1 Bf5 20. Ba3 Rfe8 21. Bxe7
Bxc2 22. Qxc2 Rxe7 23. Rxe7 Nxe7 24. Rb1 Rxb1+ 25. Qxb1 g5 26. Qb4 Nc6 27. Qc3
g4 28. Nd2 Qa5 29. Qxa5 Nxa5 30. Nb1 Nb3 31. Kf1 f5 32. Ke2 f4 33. Na3 Nxd4+ 34.
Kd2 Kf7 35. Nxc4 Ke6 36. Kd3 f3 37. g3 Nb3 38. Ke4 Nc5+ 39. Kf4 h5 40. a5 Nd3+
41. Ke3 Ne5 42. Nd2 Kd5 43. Kf4 Nd3+ 44. Ke3 Nb2 45. h3 Nc4+ 46. Nxc4 Kxc4 47.
hxg4 hxg4 0-1

[Event "22nd ch-EUR Indiv 2022"]
[Site "Terme Catez SLO"]
[Date "2022.03.31"]
[Round "5.119"]
[White "Sorm, Daniel"]
[Black "Tancsa, Tamas"]
[Result "1-0"]
[WhiteTitle "FM"]
[WhiteElo "2323"]
[BlackElo "2096"]
[WhiteFideId "5400139"]
[BlackFideId "783749"]
[EventDate "2022.03.27"]

1. d4 Nf6 2. c4 d6 3. Nc3 Nbd7 4. e4 e5 5. d5 Nc5 6. f3 a5 7. Be3 Be7 8. Qd2 O-O
9. O-O-O h5 10. h4 Nh7 11. f4 Bf6 12. Nf3 Qe7 13. Re1 b6 14. fxe5 Bxe5 15. Nxe5
dxe5 16. Be2 f5 17. Bxh5 f4 18. Bxc5 Qxc5 19. Be2 Nf6 20. g3 Ng4 21. gxf4 Rxf4
22. Rhg1 Nf2 23. Rg5 Bg4 24. Bxg4 Nxg4 25. Qg2 Qf2 26. Qxf2 Nxf2 27. Reg1 Nxe4
28. Rxg7+ Kh8 29. Nxe4 Rxe4 30. Rxc7 Rxh4 31. d6 Rd8 32. d7 Rd4 33. Rd1 Rxd1+
34. Kxd1 Kg7 35. Ke2 Kf6 36. Ke3 Ke6 37. Rc6+ Kxd7 38. Rxb6 Rc8 39. b3 a4 40.
Ke4 axb3 41. axb3 Rc5 42. Ra6 Ke7 43. Ra1 Ke6 44. Rd1 Rc7 45. Rd5 Rb7 46. Rxe5+
Kd6 47. Rd5+ Kc6 48. Rd3 Kc5 49. Rh3 Re7+ 50. Kd3 Kb4 51. Kd4 Rg7 52. Rf3 Rg8
53. Kd5 Rh8 54. Re3 Rh1 55. Kd6 Rd1+ 56. Kc7 Rh1 57. Rd3 Rh7+ 58. Kc6 Rh6+ 59.
Rd6 Rh3 60. c5 Rxb3 61. Rd4+ Ka5 62. Rd1 Rh3 63. Ra1+ Kb4 64. Kb6 Kc4 65. c6
Rb3+ 66. Ka6 Kd5 67. Rc1 Ra3+ 68. Kb5 Rb3+ 69. Ka4 Rb8 70. c7 Rc8 71. Kb5 Kd6
72. Kb6 Kd7 73. Kb7 1-0

[Event "22nd ch-EUR Indiv 2022"]
[Site "Terme Catez SLO"]
[Date "2022.03.31"]
[Round "5.120"]
[White "Yordanov, Lachezar"]
[Black "Hulka, Valentyn"]
[Result "1-0"]
[WhiteTitle "FM"]
[WhiteElo "2318"]
[BlackElo "2105"]
[WhiteFideId "2918927"]
[BlackFideId "34107061"]
[EventDate "2022.03.27"]

1. d4 Nf6 2. c4 e6 3. Nf3 Bb4+ 4. Nbd2 O-O 5. a3 Be7 6. e4 d6 7. Bd3 e5 8. O-O
exd4 9. Nxd4 Re8 10. b3 Nc6 11. N2f3 Bf8 12. Qc2 Ne5 13. Nxe5 dxe5 14. Ne2 c6
15. Bb2 a5 16. Rad1 Bc5 17. Nc3 Qe7 18. Qc1 Bg4 19. Rd2 Rad8 20. Na4 Bd4 21. h3
Bh5 22. c5 Bg6 23. Bxd4 Rxd4 24. f3 Red8 25. Rfd1 Nd7 26. Bc4 Qg5 27. Rxd4 Qxc1
28. Rxc1 exd4 29. Rd1 Ne5 30. Bf1 f6 31. f4 Bf7 32. Rb1 Ng6 33. g3 Nf8 34. Bd3
g5 35. Kf2 Ne6 36. f5 Nf8 37. Nb6 Nd7 38. Nxd7 Rxd7 39. b4 axb4 40. Rxb4 Rd8 41.
a4 Ra8 42. Rxd4 Ra5 43. Rd8+ Kg7 44. Rd7 Rxa4 45. Rxb7 Kg8 46. Rc7 Be8 47. Ke3
h6 48. h4 Rb4 49. hxg5 hxg5 50. e5 fxe5 51. f6 Kf8 52. Bf5 Rb3+ 53. Kf2 Bh5 54.
g4 e4 55. gxh5 Rf3+ 56. Ke2 Rxf5 57. h6 Rxf6 58. Rc8+ Kf7 59. h7 1-0

[Event "22nd ch-EUR Indiv 2022"]
[Site "Terme Catez SLO"]
[Date "2022.03.31"]
[Round "5.121"]
[White "Rozman, Monika"]
[Black "Van Dael, Siem"]
[Result "0-1"]
[WhiteTitle "WFM"]
[BlackTitle "FM"]
[WhiteElo "2094"]
[BlackElo "2307"]
[WhiteFideId "14609118"]
[BlackFideId "1049771"]
[EventDate "2022.03.27"]

1. e4 g6 2. d4 Bg7 3. Nc3 c6 4. Be3 d6 5. Qd2 Nd7 6. f4 Ngf6 7. Nf3 b5 8. Bd3
O-O 9. h3 b4 10. Ne2 c5 11. O-O c4 12. Bxc4 Nxe4 13. Qxb4 Nb6 14. d5 Rb8 15. Bb3
Nf6 16. Rfe1 Bf5 17. Qa5 Be4 18. Ned4 Nbxd5 19. Qxd8 Rbxd8 20. Ng5 Nxe3 21. Rxe3
Ba8 22. Rd1 h6 23. Nge6 fxe6 24. Nxe6 Rb8 25. Nxg7+ Kxg7 26. Rxe7+ Kh8 27. Rxd6
Rb6 28. Rd4 Rb7 29. Re6 Kg7 30. Rdd6 Rc7 31. c3 Be4 32. Rd4 Bf5 33. Ra6 Re8 34.
Kf2 h5 35. Ba4 Rb8 36. Bb3 h4 37. Kf3 Re7 38. Ra5 Rbe8 39. Bc4 Re3+ 40. Kf2 R3e7
41. a4 Ne4+ 42. Kf3 Ng3 43. Re5 Rxe5 44. fxe5 Rxe5 45. Rxh4 Ne4 46. Bd3 Nd2+ 47.
Kf2 Bxd3 48. Rd4 Re2+ 49. Kg3 Be4 50. Kf4 Bxg2 51. Rd7+ Kh6 52. b4 Nf1 53. Rd4
g5+ 54. Kf5 Bxh3+ 55. Kf6 Ng3 56. a5 Re6+ 57. Kf7 Ne4 58. Rd8 Nd6+ 59. Kf8 g4
60. b5 g3 0-1

[Event "22nd ch-EUR Indiv 2022"]
[Site "Terme Catez SLO"]
[Date "2022.03.31"]
[Round "5.122"]
[White "Urh, Zala"]
[Black "Zlatkov, Anton"]
[Result "1-0"]
[WhiteTitle "WIM"]
[WhiteElo "2307"]
[BlackElo "2081"]
[WhiteFideId "14611481"]
[BlackFideId "15005402"]
[EventDate "2022.03.27"]

1. d4 Nf6 2. c4 g6 3. Nc3 Bg7 4. e4 d6 5. Nf3 O-O 6. Be2 e5 7. d5 a5 8. Bg5 Qe8
9. Nd2 Nfd7 10. g4 Nc5 11. Qc2 Nba6 12. a3 c6 13. f3 Nc7 14. h4 cxd5 15. cxd5 b5
16. h5 Bd7 17. Nd1 b4 18. Rc1 bxa3 19. bxa3 Ba4 20. Qa2 Nb5 21. Nc3 Nd4 22. Nxa4
Nxa4 23. Nc4 Qd7 24. Be3 Rfc8 25. Kf2 Rab8 26. Bxd4 exd4 27. Qd2 Nc5 28. Bd1 d3
29. Kg2 Nb3 30. Bxb3 Rxb3 31. Qf4 Rxc4 32. Rxc4 Be5 33. Qe3 Rb2+ 34. Kh3 d2 35.
Rd1 gxh5 36. Qg5+ Kh8 37. Qxh5 Rb3 38. Kg2 Rb2 39. Qh6 Bg7 40. Qg5 h6 41. Qf4 h5
42. Qh2 Ra2 43. Qxh5+ Kg8 44. Qg5 Kh7 45. Qe3 Bh6 46. g5 Qb5 47. Qd3 Bxg5 48.
e5+ Kg7 49. e6 Rxa3 50. Qd4+ f6 51. Qa7+ Kg6 52. Qf7+ Kf5 53. Qh7+ 1-0

[Event "22nd ch-EUR Indiv 2022"]
[Site "Terme Catez SLO"]
[Date "2022.03.31"]
[Round "5.124"]
[White "Babrauskas, Darius"]
[Black "Royal, Shreyas"]
[Result "1/2-1/2"]
[BlackTitle "FM"]
[WhiteElo "2003"]
[BlackElo "2296"]
[WhiteFideId "12805602"]
[BlackFideId "448869"]
[EventDate "2022.03.27"]

1. e4 e5 2. Nf3 Nc6 3. Bc4 Bc5 4. d3 Nf6 5. a4 d6 6. O-O a6 7. c3 Ba7 8. a5 O-O
9. h3 h6 10. Be3 Qe7 11. Qb3 Kh8 12. Bxa7 Rxa7 13. Nbd2 Nh7 14. d4 Ng5 15. Rfe1
Qf6 16. d5 Ne7 17. Re3 Ng6 18. Kh2 Nf4 19. Bf1 Qg6 20. c4 Nxf3+ 21. Nxf3 Qf6 22.
Rc1 g5 23. c5 g4 24. hxg4 Bxg4 25. cxd6 cxd6 26. g3 h5 27. Bg2 Ng6 28. Qb6 Raa8
29. Rc7 h4 30. Kg1 hxg3 31. fxg3 Kg7 32. Nh2 Qg5 33. Nxg4 Qxg4 34. Rf3 Kg8 35.
Qxd6 Qxe4 36. Rf2 Qe1+ 37. Bf1 Qe3 38. Qf6 Qxg3+ 39. Rg2 Qe3+ 40. Kh1 Qh6+ 41.
Kg1 Qe3+ 42. Kh1 Qh6+ 43. Rh2 Qf4 44. Qxf4 Nxf4 45. d6 Kg7 46. Rxb7 Kf6 47. Rb6
Rfb8 48. Rxb8 Rxb8 49. Rd2 e4 50. d7 Ke7 51. Rd4 Ne6 52. Rxe4 Rxb2 53. Bxa6 Kxd7
54. Ra4 Kc7 55. Bc4 Kb7 56. Ra1 Rb4 57. Bxe6 fxe6 58. Re1 Ka6 1/2-1/2

[Event "22nd ch-EUR Indiv 2022"]
[Site "Terme Catez SLO"]
[Date "2022.03.31"]
[Round "5.125"]
[White "Kovalskyi, Roman"]
[Black "Kastelic, Marian"]
[Result "0-1"]
[BlackTitle "FM"]
[WhiteElo "1807"]
[BlackElo "2287"]
[WhiteFideId "14184214"]
[BlackFideId "14602245"]
[EventDate "2022.03.27"]

1. e4 c5 2. b3 e5 3. Bb2 Nc6 4. Bc4 Nf6 5. Nc3 Nxe4 6. Nxe4 d5 7. Bb5 dxe4 8.
Bxc6+ bxc6 9. Bxe5 Qg5 10. Bg3 Be7 11. Qe2 O-O 12. Qxe4 Bf5 13. Qe3 Qg6 14. Nf3
Bf6 15. Be5 Rfe8 16. O-O Bg4 17. Nh4 Bxh4 18. Qxc5 Rxe5 19. Qxe5 Bh3 20. g3 Bf6
21. Qe3 Bxf1 22. Rxf1 Qxc2 23. Re1 h5 24. Qf3 Rd8 25. Qxh5 Qxd2 26. Re2 Qd1+ 27.
Kg2 Qd5+ 0-1

[Event "22nd ch-EUR Indiv 2022"]
[Site "Terme Catez SLO"]
[Date "2022.03.31"]
[Round "5.126"]
[White "Fishchuk, Vladyslav"]
[Black "Sarrau, Jelle"]
[Result "0-1"]
[BlackTitle "FM"]
[WhiteElo "1760"]
[BlackElo "2401"]
[WhiteFideId "34122117"]
[BlackFideId "207608"]
[EventDate "2022.03.27"]

1. d4 Nf6 2. c4 e6 3. g3 Bb4+ 4. Bd2 a5 5. Bg2 d6 6. Nf3 Nbd7 7. O-O e5 8. Nc3
exd4 9. Nxd4 O-O 10. b3 Re8 11. e3 Ne5 12. Qc2 c6 13. h3 Bc5 14. Nce2 Bd7 15.
Bc3 Qc8 16. Kh2 h5 17. Nf4 Qd8 18. Rad1 Qc8 19. Qb2 Bb4 20. a3 Bxc3 21. Qxc3 Qc7
22. Qc2 Rad8 23. Rd2 g6 24. Rfd1 Bc8 25. Qb2 a4 26. Nf3 axb3 27. Nxe5 dxe5 28.
Rxd8 Rxd8 29. Rxd8+ Qxd8 30. Qxe5 Nd7 31. Qd4 Qf6 32. Qxf6 Nxf6 33. Nd3 Be6 34.
Nb2 Nd7 35. h4 Kf8 36. Bf3 Ke7 37. Kg2 Nb6 38. Be2 Kd6 39. Kf1 Kc5 40. Ke1 Nxc4
41. Bxc4 Bxc4 42. Kd2 Bd5 43. Kc3 Be6 44. Nd3+ Kb5 45. Nc1 Ka4 46. Kb2 Bc4 47.
f3 f5 48. e4 fxe4 49. fxe4 b6 50. e5 c5 51. Kc3 Kxa3 0-1

[Event "22nd ch-EUR Indiv 2022"]
[Site "Terme Catez SLO"]
[Date "2022.03.31"]
[Round "5.127"]
[White "Novosel, Lovro"]
[Black "Pasti, Aron"]
[Result "1/2-1/2"]
[BlackTitle "FM"]
[WhiteElo "2099"]
[BlackElo "2398"]
[WhiteFideId "14547120"]
[BlackFideId "785857"]
[EventDate "2022.03.27"]

1. d4 d5 2. Nf3 Nf6 3. c4 e6 4. g3 Be7 5. Bg2 O-O 6. O-O dxc4 7. Qc2 Bd7 8. Ne5
Bc6 9. Nxc6 Nxc6 10. e3 Nb4 11. Qxc4 Nbd5 12. Qe2 c5 13. dxc5 Bxc5 14. e4 Nb6
15. Nc3 e5 16. Rd1 Qe7 17. a4 a5 18. Be3 Rac8 19. Nd5 Nfxd5 20. exd5 Qd6 21. b3
Bxe3 22. Qxe3 Nd7 23. Rac1 Nc5 24. Rc4 b6 25. Rdc1 f5 26. b4 axb4 27. Rxb4 f4
28. Qc3 Ra8 29. Rcb1 fxg3 30. hxg3 Rfb8 31. Qc4 Ra6 32. Rb5 Nxa4 33. Bh3 Rd8 34.
Qc6 e4 35. R5b4 Nc5 36. Rxb6 Rxb6 37. Qxb6 Qxb6 38. Rxb6 Rxd5 39. Be6+ Nxe6 40.
Rxe6 Rd4 41. Kf1 Kf7 42. Ra6 Ke7 43. Ke2 Rd6 44. Ra7+ Kf6 45. Ke3 Re6 46. Kf4
g5+ 47. Ke3 h5 48. Rh7 Kg6 49. Rh8 Re7 50. Rf8 Re5 51. Rh8 Re6 52. Rf8 Re7 53.
Rh8 Rf7 54. Kxe4 Rxf2 55. Rg8+ Kh6 56. Rh8+ Kg6 1/2-1/2

[Event "22nd ch-EUR Indiv 2022"]
[Site "Terme Catez SLO"]
[Date "2022.03.31"]
[Round "5.128"]
[White "Hryzlova, Sofiia"]
[Black "Fruebing, Stefan"]
[Result "1/2-1/2"]
[WhiteTitle "WCM"]
[BlackTitle "IM"]
[WhiteElo "2097"]
[BlackElo "2374"]
[WhiteFideId "14174669"]
[BlackFideId "4682165"]
[EventDate "2022.03.27"]

1. d4 d5 2. c4 c6 3. Nf3 Nf6 4. Nbd2 Bf5 5. Nh4 Be6 6. e3 g6 7. b3 Bg7 8. Bb2
O-O 9. Rc1 a5 10. Bd3 Na6 11. a3 Bd7 12. Nhf3 Bf5 13. Bxf5 gxf5 14. O-O e6 15.
Ne1 Qe7 16. Nd3 Nb8 17. Qc2 Nbd7 18. Nf4 Nb6 19. Rfe1 Rfc8 20. c5 Nbd7 21. Nf1
Bh6 22. f3 Nf8 23. Nd3 Ng6 24. Rb1 Qc7 25. Qf2 Bf8 26. h3 h5 27. Ne5 Nd7 28.
Nxg6 fxg6 29. e4 Re8 30. Bc1 Bg7 31. e5 b6 32. b4 axb4 33. axb4 b5 34. Re2 Ra4
35. Ra2 Rea8 36. Rba1 Qb7 37. Qb2 R8a7 38. Rxa4 Rxa4 39. Rxa4 bxa4 40. Ng3 Nb8
41. Ne2 Na6 42. Bd2 Nc7 43. Nc3 Qa6 44. Kf2 Nb5 45. Nxb5 Qxb5 46. Qc3 Kf7 47. g4
hxg4 48. fxg4 Qa6 49. Bc1 Bf8 50. g5 1/2-1/2

[Event "22nd ch-EUR Indiv 2022"]
[Site "Terme Catez SLO"]
[Date "2022.03.31"]
[Round "5.130"]
[White "Yakimenko, Alexander A."]
[Black "Stevanic, David"]
[Result "0-1"]
[BlackTitle "FM"]
[WhiteElo "2064"]
[BlackElo "2306"]
[WhiteFideId "24141917"]
[BlackFideId "14613921"]
[EventDate "2022.03.27"]

1. e4 g6 2. d4 Bg7 3. Nc3 d6 4. Be3 a6 5. Qd2 b5 6. Bd3 Nd7 7. Nf3 Bb7 8. O-O c6
9. Rfe1 Qc7 10. a3 c5 11. d5 e5 12. dxe6 fxe6 13. Bxb5 O-O-O 14. Ng5 Nf8 15. Bc4
Qd7 16. Qe2 h6 17. Nh3 Qc6 18. Nf4 Re8 19. f3 g5 20. Nh5 Be5 21. Rab1 Nf6 22.
Nxf6 Bxf6 23. Qd2 Nd7 24. Bf1 d5 25. Bf2 Be5 26. Na2 Nf6 27. exd5 exd5 28. b4 c4
29. Bd4 Bc7 30. Rxe8+ Rxe8 31. Re1 Rg8 32. Qe3 Re8 33. Qc3 Bb6 34. Rxe8+ Nxe8
35. Qe3 Bxd4 36. Qxd4 Nd6 37. Qc5 Qxc5+ 38. bxc5 Nb5 39. a4 Nd4 40. c3 Nb3 41.
h4 Nxc5 42. hxg5 hxg5 43. a5 Nb3 44. Kf2 Kd7 45. g3 Nxa5 46. Ke3 Nb3 47. f4
gxf4+ 48. Kxf4 Ke6 49. Bh3+ Kd6 50. Bf5 a5 51. g4 Nc5 52. g5 Ne6+ 53. Kg4 Ke5
54. Bb1 Ng7 55. Bc2 Bc8+ 56. Kf3 Bf5 57. Ba4 Ne6 58. Ke3 Nxg5 59. Nc1 Ne4 60.
Na2 Nc5 61. Be8 Nb3 62. Ke2 Bb1 0-1

[Event "22nd ch-EUR Indiv 2022"]
[Site "Terme Catez SLO"]
[Date "2022.03.31"]
[Round "5.131"]
[White "Taichman, Ori"]
[Black "Ruzic, Pia Marie"]
[Result "1-0"]
[WhiteTitle "FM"]
[WhiteElo "2297"]
[BlackElo "2072"]
[WhiteFideId "2804069"]
[BlackFideId "14620057"]
[EventDate "2022.03.27"]

1. e4 e6 2. d4 d5 3. Nc3 Nf6 4. Bg5 dxe4 5. Nxe4 Be7 6. Nxf6+ Bxf6 7. Bxf6 Qxf6
8. Nf3 O-O 9. Qd3 c5 10. O-O-O Rd8 11. Qe4 Nc6 12. Bd3 Qh6+ 13. Kb1 f5 14. Qe2
Nxd4 15. Qe5 Qf6 16. Qxc5 b6 17. Qc7 Rd7 18. Qe5 Nxf3 19. Qxf6 gxf6 20. gxf3 Rc7
21. Rhg1+ Kh8 22. Bxf5 Bb7 23. Bxe6 Bxf3 24. Rd4 Re7 25. Bf5 Re5 26. Rf4 Bd5 27.
b4 a5 28. Bxh7 Rh5 29. Be4 Bxe4 30. Rxe4 Rxh2 31. Rf4 Rh6 32. Kb2 axb4 33. Rxb4
Rh2 34. Rg6 1-0

[Event "22nd ch-EUR Indiv 2022"]
[Site "Terme Catez SLO"]
[Date "2022.03.31"]
[Round "5.132"]
[White "Rubil, Marko"]
[Black "Van Hoolandt, Patrick"]
[Result "1-0"]
[WhiteTitle "FM"]
[BlackTitle "FM"]
[WhiteElo "2293"]
[BlackElo "2065"]
[WhiteFideId "14501546"]
[BlackFideId "200999"]
[EventDate "2022.03.27"]

1. e4 e5 2. Nf3 Nc6 3. Nc3 Nf6 4. Bb5 Bd6 5. d3 a6 6. Ba4 h6 7. a3 b5 8. Bb3 Bb7
9. h3 Na5 10. Ba2 c5 11. Nd5 Bxd5 12. exd5 c4 13. O-O O-O 14. dxc4 Nxc4 15. Nh4
Re8 16. Nf5 Bf8 17. a4 d6 18. Bxc4 bxc4 19. a5 Qd7 20. Qf3 Nxd5 21. Nxg7 Bxg7
22. Qxd5 Qe6 23. Rd1 Red8 24. Be3 Rac8 25. Bb6 Rd7 26. c3 Qxd5 27. Rxd5 f5 28.
Rad1 Rc6 29. f4 exf4 30. Rxf5 Rf7 31. Rxf7 Kxf7 32. Rf1 Be5 33. g3 d5 34. Be3
Rg6 35. Bxf4 Bxf4 36. Rxf4+ Ke6 37. Kg2 Kd6 38. g4 Kc5 39. Kg3 Kb5 40. Rf5 Rd6
41. Kf4 Kxa5 42. Ke5 Rc6 43. Kxd5 Kb5 44. Rf8 Rc5+ 45. Kd4 Rc6 46. Rb8+ Ka5 47.
Rb4 Rd6+ 48. Kxc4 h5 49. Kc5 Rd3 50. Rb3 1-0

[Event "22nd ch-EUR Indiv 2022"]
[Site "Terme Catez SLO"]
[Date "2022.03.31"]
[Round "5.134"]
[White "Milikow, Elie"]
[Black "Dubnevych, Maksym"]
[Result "1-0"]
[WhiteTitle "CM"]
[WhiteElo "2256"]
[BlackElo "2065"]
[WhiteFideId "371281868"]
[BlackFideId "14184001"]
[EventDate "2022.03.27"]

1. e4 c5 2. Nf3 Nc6 3. d4 cxd4 4. Nxd4 Nf6 5. Nc3 e5 6. Ndb5 d6 7. Bg5 a6 8. Na3
b5 9. Nd5 Be7 10. Bxf6 Bxf6 11. c3 Bg5 12. Nc2 Rb8 13. a3 O-O 14. h4 Bh6 15. g4
Bf4 16. Qf3 Be6 17. Nxf4 exf4 18. Qxf4 a5 19. Be2 b4 20. axb4 axb4 21. Nd4 Ne5
22. Qg3 bxc3 23. bxc3 Ra8 24. O-O Bc4 25. Bxc4 Nxc4 26. Rad1 Re8 27. Rfe1 Qa5
28. Nf5 Rad8 29. Rd4 d5 30. Kg2 Qc5 31. Red1 Nb6 32. h5 Rd7 33. Qe3 Nc4 34. Qf4
Nb6 35. e5 Qc7 36. Qg5 g6 37. hxg6 hxg6 38. R4d3 Qxe5 39. Re3 Qb8 40. Qf6 gxf5
41. Rh1 1-0

[Event "22nd ch-EUR Indiv 2022"]
[Site "Terme Catez SLO"]
[Date "2022.03.31"]
[Round "5.135"]
[White "Gajcin, Marina"]
[Black "Kotsinis, Alexandros"]
[Result "1-0"]
[WhiteTitle "WIM"]
[WhiteElo "2254"]
[BlackElo "2055"]
[WhiteFideId "949086"]
[BlackFideId "25870750"]
[EventDate "2022.03.27"]

1. e4 e5 2. Nf3 Nc6 3. Bc4 Nf6 4. d3 Bc5 5. c3 d6 6. a4 a6 7. O-O Ba7 8. b4 h6
9. Nbd2 a5 10. b5 Ne7 11. Ba3 O-O 12. d4 exd4 13. cxd4 d5 14. Bxe7 Qxe7 15. exd5
Bf5 16. Qb3 Qd6 17. Rae1 Rfe8 18. Re5 Bg6 19. Rfe1 Kf8 20. h3 Nd7 21. R5e3 Nb6
22. Ne5 Bh7 23. Ne4 Qb4 24. Nc5 Bf5 25. Qxb4 axb4 26. Bb3 f6 27. Nf3 Rab8 28. a5
Rxe3 29. fxe3 Nc8 30. e4 Bxc5 31. dxc5 Bd7 32. Nd4 Ra8 33. c6 bxc6 34. dxc6 Be8
35. Ne6+ Ke7 36. a6 Ra7 37. Nxg7 Bg6 38. Nf5+ Bxf5 39. exf5+ Kd6 40. Re6+ Kc5
41. Rxf6 Kxb5 42. Rxh6 Nd6 43. f6 Ra8 44. f7 Kxa6 45. g4 Rf8 46. Rxd6 cxd6 47.
g5 1-0

[Event "22nd ch-EUR Indiv 2022"]
[Site "Terme Catez SLO"]
[Date "2022.03.31"]
[Round "5.136"]
[White "Vagman, Roy"]
[Black "Zupancic, Urban"]
[Result "0-1"]
[WhiteTitle "CM"]
[WhiteElo "2247"]
[BlackElo "2047"]
[WhiteFideId "2828995"]
[BlackFideId "14606631"]
[EventDate "2022.03.27"]

1. e4 e5 2. Nf3 Nc6 3. Bc4 Bc5 4. c3 Nf6 5. d3 d6 6. O-O h6 7. Re1 O-O 8. a4 a5
9. h3 Be6 10. Nbd2 Qb8 11. Bxe6 fxe6 12. Nc4 Ba7 13. Be3 Qe8 14. Qb3 Qd7 15.
Rad1 Bxe3 16. Rxe3 b6 17. d4 exd4 18. Nxd4 Nxd4 19. Rxd4 Qf7 20. Na3 e5 21.
Qxf7+ Kxf7 22. Rd2 Ke6 23. g3 Nd7 24. Nb5 Rfc8 25. c4 Nc5 26. b3 Kd7 27. f4 Kc6
28. fxe5 dxe5 29. Rd5 Re8 30. Rf3 Re7 31. Kg2 Rae8 32. Re3 Rf8 33. h4 h5 34. Na3
Nd7 35. Rd2 Ref7 36. Nb1 Nc5 37. Na3 Nd7 38. Nc2 Nc5 39. Ne1 Nd7 40. Nf3 Re7 41.
Rd5 Rfe8 42. Ng5 Nf6 43. Rd2 Rd7 44. Rxd7 Nxd7 45. Kf2 Kc5 46. Rd3 Re7 47. Nf3
Kb4 48. Ne1 Ka3 49. Re3 Nc5 50. Nd3 Nxd3+ 51. Rxd3 Kb2 52. Ke3 Kc2 53. Ke2 g6
54. Ke3 Re6 55. Ke2 c6 56. Ke3 Rf6 57. b4 axb4 58. c5 bxc5 59. a5 b3 0-1

[Event "22nd ch-EUR Indiv 2022"]
[Site "Terme Catez SLO"]
[Date "2022.03.31"]
[Round "5.137"]
[White "Javornik, Nik"]
[Black "Gershkowich, David"]
[Result "0-1"]
[BlackTitle "FM"]
[WhiteElo "2002"]
[BlackElo "2233"]
[WhiteFideId "14636549"]
[BlackFideId "2803356"]
[EventDate "2022.03.27"]

1. e4 c5 2. Nf3 d6 3. d4 cxd4 4. Nxd4 Nf6 5. Nc3 Nc6 6. Be3 Ng4 7. Bg5 Qb6 8.
Bb5 Bd7 9. O-O h6 10. Be3 Nxe3 11. fxe3 e6 12. Bxc6 Bxc6 13. Qf3 Qc7 14. Rad1 a6
15. b4 e5 16. Nde2 g6 17. a4 b6 18. b5 axb5 19. Nxb5 Bxb5 20. axb5 Bg7 21. Nc3
O-O 22. Nd5 Qc5 23. Rd3 Kh8 24. g4 Qxc2 25. Rc3 Qb2 26. Rc7 Qxb5 27. g5 h5 28.
Rb7 Rab8 29. Rxb8 Rxb8 30. Rc1 Qb2 31. Rf1 Qb5 32. Rc1 Qb2 33. Rf1 Rf8 34. Qf2
Qxf2+ 35. Rxf2 b5 36. Rb2 Rb8 37. Rb4 Kg8 38. Nc3 Rc8 39. Nxb5 Rb8 40. Rb1 f6
41. gxf6 Bxf6 42. Nc3 Rxb1+ 43. Nxb1 Kf7 44. Nc3 Ke6 45. Kf2 Kd7 46. Nd5 Bd8 47.
Ke2 Kc6 48. Kd3 Kc5 49. Nc3 g5 50. Ne2 g4 51. Ng3 h4 52. Nf5 g3 53. hxg3 h3 54.
g4 Bh4 55. Nxh4 h2 0-1

[Event "22nd ch-EUR Indiv 2022"]
[Site "Terme Catez SLO"]
[Date "2022.03.31"]
[Round "5.138"]
[White "Miftari, Hedon"]
[Black "Damia, Angelo"]
[Result "0-1"]
[BlackTitle "IM"]
[WhiteElo "1987"]
[BlackElo "2223"]
[WhiteFideId "15007065"]
[BlackFideId "812668"]
[EventDate "2022.03.27"]

1. e4 d6 2. d4 Nf6 3. Nc3 c6 4. f4 Qa5 5. Bd3 e5 6. Nf3 Bg4 7. dxe5 dxe5 8. O-O
Nbd7 9. h3 h5 10. Be3 Bc5 11. Qe1 exf4 12. Bxc5 Qxc5+ 13. Kh1 Bxf3 14. Rxf3 g5
15. e5 Nxe5 16. Ne4 Nxe4 17. Qxe4 O-O-O 18. Qf5+ Kb8 19. Qxg5 Nxd3 20. Qxc5 Nxc5
21. Rxf4 Rh7 22. Raf1 Rd7 23. b4 Ne6 24. Rh4 Rd4 25. Rxd4 Nxd4 26. c3 Ne6 27.
Rf5 Kc7 28. Kg1 Kd6 29. Kf2 Rg7 30. Rxh5 Rxg2+ 31. Ke3 Re2+ 32. Kf3 Rxa2 33. c4
Ra4 0-1